[Event "Cappelle Online Blitz op"]
[Site "Europe Echecs INT"]
[Date "2021.03.07"]
[Round "3"]
[White "Mar, Karmen"]
[Black "Schrefheere, Anthime"]
[Result "1-0"]
[WhiteElo "2093"]
[BlackElo "1752"]
[PlyCount "75"]
[EventDate "2021.03.07"]
[EventType "swiss (blitz)"]
[EventRounds "11"]
[EventCountry "FRA"]
[SourceTitle "CBM 201 Extra"]
[Source "ChessBase"]
[SourceDate "2021.05.31"]
[SourceVersion "1"]
[SourceVersionDate "2021.05.31"]
[SourceQuality "1"]

1. e4 d6 2. d4 Nf6 3. Nc3 g6 4. Be3 c6 5. Qd2 b5 6. Bd3 Nbd7 7. Nf3 Qc7 8. 0-0 Bg7 9. Bh6 0-0 10. Rae1 e5 11. Ne2 Re8 12. Bxg7 Kxg7 13. Ng3 h6 14. h4 Nb6 15. c3 Bg4 16. Nh2 Bd7 17. f4 Nc4 18. Bxc4 bxc4 19. f5 exd4 20. fxg6 fxg6 21. Qxd4 Re5 22. Qxc4 Qb6+ 23. Kh1 Be6 24. Qe2 Rf8 25. Nf3 Rb5 26. b3 c5 27. c4 Ra5 28. e5 dxe5 29. Qxe5 Bg8 30. Re2 Re8 31. Qc3 Rxe2 32. Nxe2 Rxa2 33. Nf4 Ra3 34. Nd2 Bf7 35. Nd5 Bxd5 36. cxd5 Ra6 37. Ne4 Qd8 38. d6 1-0

[Event "Cappelle Online Rapid op"]
[Site "Europe Echecs INT"]
[Date "2021.03.06"]
[Round "6"]
[White "Boissonnier, Kimo"]
[Black "Schrefheere, Anthime"]
[Result "0-1"]
[WhiteElo "2016"]
[BlackElo "1752"]
[PlyCount "72"]
[EventDate "2021.03.06"]
[EventType "swiss (rapid)"]
[EventRounds "9"]
[EventCountry "FRA"]
[SourceTitle "CBM 201 Extra"]
[Source "ChessBase"]
[SourceDate "2021.05.31"]
[SourceVersion "1"]
[SourceVersionDate "2021.05.31"]
[SourceQuality "1"]

1. d4 Nf6 2. Nf3 g6 3. c4 Bg7 4. Bg5 Ne4 5. Bh4 d5 6. e3 0-0 7. Nbd2 Nxd2 8. Qxd2 Re8 9. cxd5 Qxd5 10. h3 Bf5 11. Bd3 Bxd3 12. Qxd3 e5 13. Nd2 exd4 14. 0-0 c5 15. e4 Qe6 16. f4 Nc6 17. a3 c4 18. Nxc4 Qxe4 19. Qg3 Qd5 20. Rac1 b5 21. Nd2 Re3 22. Qg4 h5 23. Qd1 Rae8 24. Nf3 d3 25. b4 Nd4 26. Nxd4 Qxd4 27. Bf2 d2 28. Rb1 Re1 29. Bxd4 Rxd1 30. Rbxd1 Bxd4+ 31. Kh2 Re2 32. Kg3 h4+ 33. Kf3 Re3+ 34. Kg4 Rg3+ 35. Kxh4 Rxg2 36. Rxd2 Bf6# 0-1

[Event "Cappelle Online Blitz op 1st"]
[Site "Europe Echecs INT"]
[Date "2021.01.10"]
[Round "3"]
[White "Schrefheere, Anthime"]
[Black "Roos, David"]
[Result "0-1"]
[WhiteElo "1752"]
[BlackElo "2122"]
[PlyCount "140"]
[EventDate "2021.01.10"]
[EventType "swiss (blitz)"]
[EventRounds "11"]
[EventCountry "FRA"]
[SourceTitle "CBM 200 Extra"]
[Source "ChessBase"]
[SourceDate "2021.03.31"]
[SourceVersion "1"]
[SourceVersionDate "2021.03.31"]
[SourceQuality "1"]

1. e4 c5 2. Nf3 d6 3. g3 Nf6 4. Qe2 Nc6 5. Bg2 g6 6. 0-0 Bg7 7. c3 0-0 8. Na3 Rb8 9. Nc2 b5 10. a3 a5 11. Rb1 b4 12. axb4 axb4 13. b3 Qb6 14. c4 Bg4 15. h3 Bxf3 16. Bxf3 Nd7 17. Bb2 Bxb2 18. Rxb2 Nd4 19. Nxd4 cxd4 20. d3 e5 21. Bg4 Nc5 22. f4 f6 23. f5 g5 24. h4 gxh4 25. gxh4 Kh8 26. Kh2 Rg8 27. Kh3 Rg7 28. Rg1 Rbg8 29. Qd1 Qa5 30. Qc2 Qa3 31. h5 Rg5 32. Kh4 Qa8 33. Rg3 Qe8 34. Qg2 Nxd3 35. Rxd3 Rxg4+ 36. Qxg4 Rxg4+ 37. Kxg4 Qg8+ 38. Kh4 Qg5+ 39. Kh3 Qxh5+ 40. Kg2 Qg4+ 41. Rg3 Qxe4+ 42. Kh3 Qxf5+ 43. Kh2 Qh5+ 44. Kg1 Qd1+ 45. Kh2 Qh5+ 46. Kg1 e4 47. Rbg2 Qf7 48. Kf2 f5 49. Rg5 f4 50. R2g4 h6 51. Rh4 Kh7 52. Rgg4 e3+ 53. Ke2 Qf5 54. Rxf4 Qc2+ 55. Kf3 e2 56. Re4 Qd3+ 57. Kf4 Qxe4+ 58. Kxe4 e1Q+ 59. Kxd4 Qxh4+ 60. Kd5 Qe7 61. Kc6 Qe6 62. Kb5 Qe7 63. Kxb4 Qc7 64. Kc3 Qc5 65. b4 Qe5+ 66. Kb3 Qd4 67. b5 Qb6 68. Kb4 h5 69. Ka4 h4 70. c5 dxc5 0-1

[Event "FRA-ch Blitz Online Qual"]
[Site "Europe Echecs INT"]
[Date "2020.05.16"]
[Round "14"]
[White "Roussel, Matthieu"]
[Black "Schrefheere, Anthime"]
[Result "1/2-1/2"]
[WhiteElo "1577"]
[BlackElo "1750"]
[PlyCount "135"]
[EventDate "2020.05.16"]
[EventType "swiss (blitz)"]
[EventRounds "15"]
[EventCountry "FRA"]
[SourceTitle "CBM 196 Extra"]
[Source "ChessBase"]
[SourceDate "2020.07.31"]
[SourceVersion "1"]
[SourceVersionDate "2020.07.31"]
[SourceQuality "1"]

1. e4 d6 2. d4 Nf6 3. Nc3 g6 4. Nf3 Bg7 5. Bg5 c6 6. e5 dxe5 7. dxe5 Qxd1+ 8. Rxd1 Ng4 9. Bf4 Nd7 10. e6 fxe6 11. h3 Nge5 12. Nxe5 Nxe5 13. Be2 0-0 14. Bg3 Nf7 15. 0-0 e5 16. Bf3 Bf5 17. Rd2 Nd6 18. Re1 Nc4 19. Rde2 Nxb2 20. Rb1 e4 21. Nxe4 Bxe4 22. Bxe4 Rac8 23. Bf3 Rfe8 24. Be5 Bxe5 25. Rxe5 Nc4 26. Re4 Nd2 27. Reb4 Nxb1 28. Rxb1 b6 29. Re1 c5 30. Re6 Kf7 31. Bd5 Kg7 32. Bb3 Rcd8 33. Rc6 Rd6 34. Rc7 Kf6 35. Rxa7 Red8 36. Ra4 g5 37. Rg4 Rd1+ 38. Kh2 R8d2 39. f4 gxf4 40. Rxf4+ Ke5 41. Rf3 Re1 42. Rg3 Ree2 43. Rg5+ Kd6 44. Rg3 e5 45. Rg7 e4 46. Rg5 e3 47. Rg3 Ke5 48. Bc4 Kd4 49. Bxe2 Rxe2 50. Kg1 Kc3 51. Kf1 Rf2+ 52. Ke1 Rxc2 53. Rxe3+ Kb2 54. Rb3+ Kxa2 55. Rxb6 Rxg2 56. Rh6 Kb3 57. Rxh7 c4 58. Rb7+ Kc2 59. h4 c3 60. h5 Rh2 61. Rb5 Kd3 62. Rd5+ Ke4 63. Rc5 Kd4 64. Rc8 Rxh5 65. Kd1 Rd5 66. Kc2 Rc5 67. Rxc5 Kxc5 68. Kxc3 1/2-1/2